<?xml version="1.0" encoding="UTF-8"?>
<record
    xmlns:xsi="http://www.w3.org/2001/XMLSchema-instance"
    xsi:schemaLocation="http://www.loc.gov/MARC21/slim http://www.loc.gov/standards/marcxml/schema/MARC21slim.xsd"
    xmlns="http://www.loc.gov/MARC21/slim">

  <leader>02330nam a22003137a 4500</leader>
  <controlfield tag="001">1631</controlfield>
  <controlfield tag="003">FISKH</controlfield>
  <controlfield tag="005">20230912094903.0</controlfield>
  <controlfield tag="008">230912b        cb ||||| |||| 00| 0 khr d</controlfield>
  <datafield tag="020" ind1=" " ind2=" ">
    <subfield code="a">9789924340850</subfield>
  </datafield>
  <datafield tag="040" ind1=" " ind2=" ">
    <subfield code="a">FISKH </subfield>
    <subfield code="b">eng</subfield>
    <subfield code="c">FISKH </subfield>
    <subfield code="d">FISKH </subfield>
  </datafield>
  <datafield tag="082" ind1=" " ind2=" ">
    <subfield code="a">823.087</subfield>
  </datafield>
  <datafield tag="100" ind1=" " ind2=" ">
    <subfield code="a">Kipling, Rudyard </subfield>
  </datafield>
  <datafield tag="245" ind1=" " ind2=" ">
    <subfield code="a">&#x178A;&#x17C6;&#x178E;&#x17BE;&#x179A;&#x1795;&#x17D2;&#x179F;&#x1784;&#x1796;&#x17D2;&#x179A;&#x17C1;&#x1784;&#x179A;&#x1794;&#x179F;&#x17CB; &#x1798;&#x17C9;&#x17C5;&#x1783;&#x17D2;&#x179B;&#x17B8; / </subfield>
    <subfield code="c">&#x1794;&#x1780;&#x1794;&#x17D2;&#x179A;&#x17C2;&#x1796;&#x17B8;&#x1797;&#x17B6;&#x179F;&#x17B6;&#x17A2;&#x1784;&#x17CB;&#x1782;&#x17D2;&#x179B;&#x17C1;&#x179F;&#x178A;&#x17C4;&#x1799; &#x1794;&#x17CA;&#x17BB;&#x178F; &#x179F;&#x17BB;&#x1795;&#x179B; &#x1793;&#x17B7;&#x1784; &#x17A2;&#x17CA;&#x17BC;&#x1785; &#x179F;&#x17BC;&#x178A;&#x17B6;&#x1793;&#x17B8;  -  &#x179A;&#x17BC;&#x1794;&#x1797;&#x17B6;&#x1796;&#x178A;&#x17C4;&#x1799; &#x179F;&#x17C1;&#x1784; &#x179C;&#x17B7;&#x179F;&#x17BB;&#x1791;&#x17D2;&#x1792; </subfield>
  </datafield>
  <datafield tag="260" ind1=" " ind2=" ">
    <subfield code="a">Phnom Penh : </subfield>
    <subfield code="b">Sipar, </subfield>
    <subfield code="c">2019. </subfield>
  </datafield>
  <datafield tag="300" ind1=" " ind2=" ">
    <subfield code="a">122 pages : </subfield>
    <subfield code="b">illustrations ; </subfield>
    <subfield code="c">19 cm</subfield>
  </datafield>
  <datafield tag="490" ind1=" " ind2=" ">
    <subfield code="a">&#x17A2;&#x1780;&#x17D2;&#x179F;&#x179A;&#x179F;&#x17B7;&#x179B;&#x17D2;&#x1794;&#x17CD;&#x1799;&#x17BB;&#x179C;&#x179C;&#x17D0;&#x1799;</subfield>
  </datafield>
  <datafield tag="505" ind1=" " ind2=" ">
    <subfield code="a">Z'
</subfield>
  </datafield>
  <datafield tag="520" ind1=" " ind2=" ">
    <subfield code="a">&#x200B;&#x1780;&#x17BC;&#x1793;&#x1780;&#x17D2;&#x1798;&#x17C1;&#x1784;&#x1798;&#x17D2;&#x1793;&#x17B6;&#x1780;&#x17CB;&#x178F;&#x17D2;&#x179A;&#x17BC;&#x179C;&#x1794;&#x17B6;&#x1793;&#x1782;&#x17D2;&#x179A;&#x17BD;&#x179F;&#x17B6;&#x179A;&#x1785;&#x1785;&#x1780;&#x179A;&#x17BE;&#x179F;&#x1799;&#x1780;&#x1791;&#x17C5;&#x1785;&#x1789;&#x17D2;&#x1785;&#x17B9;&#x1798; &#x17A0;&#x17BE;&#x1799;&#x1791;&#x1791;&#x17BD;&#x179B;&#x1794;&#x17B6;&#x1793;&#x1780;&#x17B6;&#x179A;&#x17A2;&#x1794;&#x17CB;&#x179A;&#x17C6;&#x1796;&#x17B7;&#x1785;&#x1785;&#x1780; &#x1793;&#x17B7;&#x1784;&#x179F;&#x178F;&#x17D2;&#x179C;&#x1795;&#x17D2;&#x179F;&#x17C1;&#x1784;&#x17D7;&#x1791;&#x17C0;&#x178F;&#x1793;&#x17C5;&#x1780;&#x17D2;&#x1793;&#x17BB;&#x1784;&#x1796;&#x17D2;&#x179A;&#x17C3;&#x178A;&#x17C4;&#x1799;&#x1794;&#x17D2;&#x179A;&#x17BE;&#x1794;&#x17D2;&#x179A;&#x17B6;&#x179F;&#x17CB;&#x1785;&#x17D2;&#x1794;&#x17B6;&#x1794;&#x17CB;&#x1796;&#x17D2;&#x179A;&#x17C3;&#x1787;&#x17B6;&#x1782;&#x17C4;&#x179B;&#x17D4; &#x1785;&#x17D2;&#x1794;&#x17B6;&#x1794;&#x17CB;&#x1796;&#x17D2;&#x179A;&#x17C3;&#x178F;&#x17D2;&#x179A;&#x17BC;&#x179C;&#x1794;&#x17B6;&#x1793;&#x1794;&#x1784;&#x17D2;&#x1780;&#x17BE;&#x178F;&#x17A1;&#x17BE;&#x1784;&#x178A;&#x17C4;&#x1799;&#x179F;&#x178F;&#x17D2;&#x179C;&#x178A;&#x17C2;&#x179B;&#x1785;&#x17B6;&#x178F;&#x17CB;&#x1791;&#x17BB;&#x1780;&#x1798;&#x1793;&#x17BB;&#x179F;&#x17D2;&#x179F;&#x1787;&#x17B6;&#x1794;&#x17D2;&#x179A;&#x1797;&#x17C1;&#x1791;&#x1791;&#x1793;&#x17CB;&#x1781;&#x17D2;&#x179F;&#x17C4;&#x1799;&#x1794;&#x17C6;&#x1795;&#x17BB;&#x178F; &#x1793;&#x17B7;&#x1784;&#x1782;&#x17D2;&#x1798;&#x17B6;&#x1793;&#x17A2;&#x17D2;&#x179C;&#x17B8;&#x1780;&#x17B6;&#x179A;&#x1796;&#x17B6;&#x179A;&#x1781;&#x17D2;&#x179B;&#x17BD;&#x1793;&#x1791;&#x17C1;&#x17D4; &#x1790;&#x17D2;&#x1784;&#x17C3;&#x1798;&#x17BD;&#x1799;&#x179F;&#x178F;&#x17D2;&#x179C;&#x1796;&#x17D2;&#x179A;&#x17C3;&#x1794;&#x17B6;&#x1793;&#x1799;&#x1780;&#x1798;&#x17C9;&#x17C5;&#x1783;&#x17D2;&#x179B;&#x17B8;&#x1791;&#x17C5;&#x179F;&#x1784;&#x17A2;&#x17D2;&#x1793;&#x1780;&#x1797;&#x17BC;&#x1798;&#x17B7;&#x179C;&#x17B7;&#x1789;&#x17D4; </subfield>
  </datafield>
  <datafield tag="520" ind1=" " ind2=" ">
    <subfield code="a">A young child is adopted by a wolf family and educated by wolves and other animals in the wild, using wildlife rules as a basis. Wild laws are made by animals that consider humans to be the most vulnerable species and have nothing to defend themselves. One day, the wild animals took Mao Kly back to the villagers.</subfield>
  </datafield>
  <datafield tag="521" ind1="8" ind2=" ">
    <subfield code="a">920
</subfield>
    <subfield code="b">Lexile estimate
</subfield>
  </datafield>
  <datafield tag="521" ind1="8" ind2=" ">
    <subfield code="a">Z'
</subfield>
    <subfield code="b">Raz-Plus
</subfield>
  </datafield>
  <datafield tag="650" ind1=" " ind2=" ">
    <subfield code="a">&#x179F;&#x178F;&#x17D2;&#x179C;&#x1796;&#x17D2;&#x179A;&#x17C3;  </subfield>
    <subfield code="v">&#x1785;&#x1789;&#x17D2;&#x1785;&#x17B9;&#x1798; </subfield>
    <subfield code="x">&#x1791;&#x1793;&#x17CB;&#x1781;&#x17D2;&#x179F;&#x17C4;&#x1799;</subfield>
    <subfield code="y">&#x179F;&#x1784; </subfield>
  </datafield>
  <datafield tag="650" ind1=" " ind2=" ">
    <subfield code="a">Wild animal </subfield>
    <subfield code="v">Adopt </subfield>
    <subfield code="x">Vulnerable </subfield>
    <subfield code="y">Return </subfield>
  </datafield>
  <datafield tag="700" ind1=" " ind2=" ">
    <subfield code="a">Sophal, Bot  </subfield>
    <subfield code="e">Translator </subfield>
  </datafield>
  <datafield tag="700" ind1=" " ind2=" ">
    <subfield code="a">Sodany, Ouch</subfield>
    <subfield code="e">Translator </subfield>
  </datafield>
  <datafield tag="700" ind1=" " ind2=" ">
    <subfield code="a">Visoth, Seng </subfield>
    <subfield code="e">illustrator </subfield>
  </datafield>
  <datafield tag="942" ind1=" " ind2=" ">
    <subfield code="2">ddc</subfield>
    <subfield code="c">KHB</subfield>
    <subfield code="n">0</subfield>
  </datafield>
  <datafield tag="999" ind1=" " ind2=" ">
    <subfield code="c">1631</subfield>
    <subfield code="d">1631</subfield>
  </datafield>
  <datafield tag="952" ind1=" " ind2=" ">
    <subfield code="0">0</subfield>
    <subfield code="1">0</subfield>
    <subfield code="2">ddc</subfield>
    <subfield code="4">0</subfield>
    <subfield code="7">0</subfield>
    <subfield code="8">KH</subfield>
    <subfield code="a">001</subfield>
    <subfield code="b">001</subfield>
    <subfield code="c">KHRS</subfield>
    <subfield code="d">2023-09-12</subfield>
    <subfield code="l">0</subfield>
    <subfield code="o">KIP 823.087</subfield>
    <subfield code="p">2023-0577</subfield>
    <subfield code="r">2023-09-12 09:48:52</subfield>
    <subfield code="t">1</subfield>
    <subfield code="w">2023-09-12</subfield>
    <subfield code="y">KHB</subfield>
  </datafield>
  <datafield tag="952" ind1=" " ind2=" ">
    <subfield code="0">0</subfield>
    <subfield code="1">0</subfield>
    <subfield code="2">ddc</subfield>
    <subfield code="4">0</subfield>
    <subfield code="7">0</subfield>
    <subfield code="8">KH</subfield>
    <subfield code="a">001</subfield>
    <subfield code="b">001</subfield>
    <subfield code="c">KHRS</subfield>
    <subfield code="d">2023-09-12</subfield>
    <subfield code="l">0</subfield>
    <subfield code="o">KIP 823.087</subfield>
    <subfield code="p">2023-0578</subfield>
    <subfield code="r">2023-09-12 09:49:00</subfield>
    <subfield code="t">2</subfield>
    <subfield code="w">2023-09-12</subfield>
    <subfield code="y">KHB</subfield>
  </datafield>
</record>
